Name the phonk songs according to the Images - Statistics

General Stats
  • This quiz has been taken 19 times
  • The average score is 8 of 16
Answer Stats
Picture Answer % Correct
Montagem Miau
89%
Montagem Coma
72%
No Batidao
72%
Tiki Tiki
72%
Montagem Rugada
67%
Montagem Tomada
67%
Montagem Xonada
61%
Dia Delicia
56%
Vai Vai Trair
50%
Matadora
39%
Montagem Pegadora
39%
Montagem Bailao
28%
Voce Na Mira
28%
Montagem ALquimia
22%
Lua Na Praca
17%
Midu echoing
6%
No matching quizzes found
Score Distribution
Percent of People with Each Score
Percentile by Number Answered
Your Score History
You have not taken this quiz